[Event "48th Italian Teams 2016"]
[Site "Civitanova Marche ITA"]
[Date "2016.04.30"]
[Round "5.2"]
[Board "3"]
[White "David, Alberto"]
[Black "Fico, Massimiliano"]
[Result "1-0"]
[WhiteTitle "GM"]
[BlackTitle "FM"]
[WhiteElo "2579"]
[BlackElo "2268"]
[WhiteTeam "Obiettivo Risarcimento Padova"]
[BlackTeam "Fano1988"]
[WhiteFideId "4000013"]
[BlackFideId "802115"]
[EventDate "2016.04.27"]

1. e4 Nc6 2. Nf3 d5 3. exd5 Qxd5 4. Nc3 Qd6 5. Nb5 Qd8 6. d4 a6 7. Nc3 Nf6 8. h3
Bf5 9. a3 e6 10. Bd3 Bxd3 11. Qxd3 Be7 12. O-O O-O 13. Bg5 h6 14. Bxf6 Bxf6 15.
Rad1 Ne7 16. Ne4 Ng6 17. Rfe1 Be7 18. c4 c6 19. Qc3 Rc8 20. Ne5 Nxe5 21. dxe5
Qc7 22. c5 Rcd8 23. Nd6 Bxd6 24. exd6 Qd7 25. f4 Rb8 26. Rd3 Kh8 27. f5 b6 28.
Rg3 Rg8 29. fxe6 fxe6 30. Rg6 Rge8 31. Rxh6+ Kg8 32. Rh4 bxc5 33. Qd3 e5 34.
Qh7+ Kf7 35. Rf1+ 1-0

[Event "48th Italian Teams 2016"]
[Site "Civitanova Marche ITA"]
[Date "2016.04.30"]
[Round "5.2"]
[Board "4"]
[White "Sabia, Corrado"]
[Black "Mogranzini, Roberto"]
[Result "0-1"]
[BlackTitle "GM"]
[WhiteElo "2160"]
[BlackElo "2510"]
[WhiteTeam "Fano1988"]
[BlackTeam "Obiettivo Risarcimento Padova"]
[WhiteFideId "808903"]
[BlackFideId "810894"]
[EventDate "2016.04.27"]

1. g3 c5 2. Nf3 Nc6 3. d4 cxd4 4. Nxd4 g6 5. Bg2 Bg7 6. Nb3 Nf6 7. Nc3 d6 8. O-O
Bd7 9. e4 Qc8 10. Nd5 Bh3 11. Re1 Bxg2 12. Kxg2 Nd7 13. c3 h6 14. Nd4 Qd8 15. h4
e6 16. Ne3 Nxd4 17. cxd4 Rc8 18. h5 g5 19. Ng4 Qc7 20. Re2 O-O 21. f3 Qc4 22.
Rd2 Qb5 23. b3 f5 24. Nf2 Nf6 25. g4 fxe4 26. fxe4 Rf7 27. Re2 Rcf8 28. Be3 d5
29. e5 Ne4 30. Nxe4 dxe4 31. Rc1 Rf3 32. Qc2 Qd3 0-1

[Event "48th Italian Teams 2016"]
[Site "Civitanova Marche ITA"]
[Date "2016.04.30"]
[Round "5.3"]
[Board "1"]
[White "Bertagnolli, Alexander"]
[Black "Swiercz, Dariusz"]
[Result "0-1"]
[WhiteTitle "IM"]
[BlackTitle "GM"]
[WhiteElo "2376"]
[BlackElo "2655"]
[WhiteTeam "Euro Scacchi Perugia"]
[BlackTeam "WorldTradingLab Club 64 Modena"]
[WhiteFideId "809551"]
[BlackFideId "1126881"]
[EventDate "2016.04.27"]

1. d4 Nf6 2. c4 e6 3. Nc3 Bb4 4. e3 O-O 5. Bd3 d5 6. Ne2 dxc4 7. Bxc4 c5 8. O-O
Nc6 9. a3 cxd4 10. axb4 dxc3 11. bxc3 Qc7 12. Bb3 b6 13. f3 a5 14. e4 Ba6 15.
Bf4 e5 16. Bg5 axb4 17. Rxa6 Rxa6 18. Bxf6 gxf6 19. Qc1 Ne7 20. Qh6 b5 21. cxb4
Qa7+ 22. Kh1 Ra1 23. Rg1 Ng6 24. g3 Rxg1+ 25. Nxg1 Qf2 26. Qc1 Kg7 27. Qc6 h5
28. Qxb5 h4 29. Qe2 hxg3 30. Bc2 g2# 0-1

[Event "48th Italian Teams 2016"]
[Site "Civitanova Marche ITA"]
[Date "2016.04.30"]
[Round "5.3"]
[Board "2"]
[White "Brunello, Sabino"]
[Black "Lodici, Lorenzo"]
[Result "1-0"]
[WhiteTitle "GM"]
[BlackTitle "FM"]
[WhiteElo "2570"]
[BlackElo "2371"]
[WhiteTeam "WorldTradingLab Club 64 Modena"]
[BlackTeam "Euro Scacchi Perugia"]
[WhiteFideId "813613"]
[BlackFideId "884189"]
[EventDate "2016.04.27"]

1. d4 f5 2. c4 Nf6 3. Nf3 g6 4. b4 Bg7 5. Bb2 c6 6. Nc3 d5 7. e3 O-O 8. Be2 Kh8
9. cxd5 cxd5 10. b5 Be6 11. a4 Nbd7 12. a5 Ne4 13. a6 b6 14. Nxe4 fxe4 15. Ng5
Bg8 16. h4 e5 17. Rc1 exd4 18. Bxd4 Ne5 19. f4 exf3 20. Nxf3 Qe7 21. h5 Ng4 22.
Bxg7+ Qxg7 23. Qd4 Rac8 24. Rxc8 Rxc8 25. Qxg4 Rc1+ 26. Bd1 Rc4 27. Nd4 Qe5 28.
Kf2 Qf6+ 29. Bf3 1-0

[Event "48th Italian Teams 2016"]
[Site "Civitanova Marche ITA"]
[Date "2016.04.30"]
[Round "5.3"]
[Board "3"]
[White "Sibilio, Mario"]
[Black "Codenotti, Marco"]
[Result "0-1"]
[WhiteTitle "FM"]
[BlackTitle "IM"]
[WhiteElo "2314"]
[BlackElo "2399"]
[WhiteTeam "Euro Scacchi Perugia"]
[BlackTeam "WorldTradingLab Club 64 Modena"]
[WhiteFideId "800422"]
[BlackFideId "800015"]
[EventDate "2016.04.27"]

1. e4 c5 2. Nf3 d6 3. Bb5+ Nd7 4. d4 cxd4 5. Qxd4 e5 6. Qe3 a6 7. Bc4 h6 8. Nc3
Ngf6 9. a4 Be7 10. O-O b6 11. Rd1 Bb7 12. Qe2 Qc7 13. Nh4 g6 14. g3 Nc5 15. f3
Rc8 16. Ba2 Kf8 17. Be3 Kg7 18. Qf2 Qb8 19. Rd2 b5 20. a5 b4 21. Nd5 Nxd5 22.
Bxd5 Bxd5 23. Rxd5 Bxh4 24. gxh4 Ne6 25. Rad1 Rc6 26. f4 exf4 27. Bxf4 Nxf4 28.
Qxf4 Re8 29. h5 g5 30. Qe3 Rc4 31. Rxd6 Rexe4 32. Qf3 Rf4 33. Qd5 Qe8 34. Qd3
Rce4 0-1

[Event "48th Italian Teams 2016"]
[Site "Civitanova Marche ITA"]
[Date "2016.04.30"]
[Round "5.3"]
[Board "4"]
[White "Caprio, Guido"]
[Black "Paltrinieri, Nicholas"]
[Result "1-0"]
[WhiteTitle "IM"]
[WhiteElo "2429"]
[BlackElo "2209"]
[WhiteTeam "WorldTradingLab Club 64 Modena"]
[BlackTeam "Euro Scacchi Perugia"]
[WhiteFideId "834580"]
[BlackFideId "828262"]
[EventDate "2016.04.27"]

1. d4 e6 2. c4 f5 3. g3 Nf6 4. Bg2 d6 5. Nf3 Be7 6. O-O O-O 7. b4 a5 8. b5 a4 9.
Nfd2 c6 10. bxc6 bxc6 11. Nc3 Qa5 12. Qc2 e5 13. e3 exd4 14. exd4 d5 15. Rb1 Na6
16. Nf3 Nb4 17. Qe2 Ne4 18. Nxe4 dxe4 19. Bd2 c5 20. dxc5 Bxc5 21. a3 exf3 22.
Qxf3 Rb8 23. axb4 Bxb4 24. Bxb4 Rxb4 25. Qd5+ 1-0

[Event "48th Italian Teams 2016"]
[Site "Civitanova Marche ITA"]
[Date "2016.04.30"]
[Round "5.4"]
[Board "1"]
[White "Qendro, Llambi"]
[Black "Stella, Andrea"]
[Result "1/2-1/2"]
[WhiteTitle "IM"]
[BlackTitle "IM"]
[WhiteElo "2327"]
[BlackElo "2419"]
[WhiteTeam "S.S. Milanese 1881"]
[BlackTeam "Accademia Milano"]
[WhiteFideId "4700074"]
[BlackFideId "827061"]
[EventDate "2016.04.27"]

1. d4 Nf6 2. c4 g6 3. Nc3 d5 4. Nf3 Bg7 5. Bg5 Ne4 6. Bf4 Nxc3 7. bxc3 dxc4 8.
Qa4+ Nd7 9. e4 O-O 10. Qxc4 c5 11. Be2 cxd4 12. cxd4 e5 13. Bg5 Bf6 14. Bxf6
Qa5+ 15. Nd2 Nxf6 16. d5 Bd7 17. a3 Rfc8 18. Qb4 Qxb4 19. axb4 Rc2 20. Bd3 Rb2
21. Rb1 Rxb1+ 22. Nxb1 a5 23. bxa5 Rxa5 24. O-O Ne8 25. Rc1 Kf8 26. Kf1 f5 27.
f3 Ke7 28. Nd2 Ra3 29. Ke2 Nd6 30. Rb1 Ra2 31. Rb6 Ba4 32. Ke1 Ra1+ 33. Rb1 Ra2
34. Rb6 Bc2 35. Bxc2 Rxc2 36. Rb4 b5 37. Kd1 Ra2 38. Kc1 fxe4 39. fxe4 h5 40. h4
Kf6 41. Rb3 Ra1+ 42. Kc2 Re1 43. Rf3+ Ke7 44. Kd3 Nc4 45. Nxc4 bxc4+ 46. Kxc4
Rxe4+ 47. Kc5 Re2 48. d6+ Ke6 49. Rg3 Rc2+ 50. Kb4 Kxd6 51. Rxg6+ Kd5 52. Kb3
Rf2 53. g4 hxg4 54. Rxg4 e4 55. Kc3 Rf3+ 56. Kd2 Kd4 57. Rg8 Rf2+ 58. Ke1 Ra2
59. Rg3 Rh2 60. Ra3 Ke5 61. h5 Kf4 62. Rb3 Rh1+ 63. Ke2 Rxh5 64. Ra3 1/2-1/2

[Event "48th Italian Teams 2016"]
[Site "Civitanova Marche ITA"]
[Date "2016.04.30"]
[Round "5.4"]
[Board "2"]
[White "Salvador, Roland"]
[Black "Misiano, Franco"]
[Result "1-0"]
[WhiteTitle "GM"]
[BlackTitle "FM"]
[WhiteElo "2434"]
[BlackElo "2283"]
[WhiteTeam "Accademia Milano"]
[BlackTeam "S.S. Milanese 1881"]
[WhiteFideId "5201047"]
[BlackFideId "804746"]
[EventDate "2016.04.27"]

1. d4 Nf6 2. g3 d5 3. Bg2 c6 4. Nf3 Bf5 5. O-O h6 6. c4 e6 7. Nc3 Be7 8. b3 Nbd7
9. cxd5 exd5 10. Bb2 O-O 11. e3 Bd6 12. Nh4 Bh7 13. Bh3 Re8 14. Nf5 Bf8 15. Qf3
Nb6 16. Rae1 Nc8 17. Qd1 Nd6 18. Nxd6 Bxd6 19. f4 Ne4 20. Nxe4 Bxe4 21. f5 Qg5
22. Rf2 h5 23. Bc3 h4 24. g4 Qh6 25. Ree2 f6 26. Rf1 Qg5 27. Rff2 Re7 28. Rf1
Rae8 29. Rff2 b5 30. Be1 b4 31. Rf1 a5 32. Rff2 c5 33. dxc5 Bxc5 34. Qc1 Rc7 35.
Bd2 Bb6 36. Qd1 Rec8 37. Re1 Rc2 38. Bg2 Rxa2 39. Bxe4 dxe4 40. Kg2 Rcc2 41. Kh3
Kh7 42. Kg2 Bd4 43. h3 Bc3 44. Ree2 Rxd2 45. Rxd2 Ra1 46. Qe2 Bxd2 47. Qxd2 Ra3
48. Rf4 Rxb3 49. Rxe4 a4 50. Re8 Rxe3 51. Rxe3 a3 52. Kf3 b3 53. Qe1 b2 54. Rxa3
Qc1 55. Qxh4+ Kg8 56. Ra8+ Kf7 57. Qh5+ Ke7 58. Qe8+ Kd6 59. Qe6+ Kc5 60. Rc8+ 1-0

[Event "48th Italian Teams 2016"]
[Site "Civitanova Marche ITA"]
[Date "2016.04.30"]
[Round "5.4"]
[Board "3"]
[White "Iudicello, Giovanni"]
[Black "Malloni, Marcello"]
[Result "1/2-1/2"]
[BlackTitle "FM"]
[WhiteElo "2156"]
[BlackElo "2344"]
[WhiteTeam "S.S. Milanese 1881"]
[BlackTeam "Accademia Milano"]
[WhiteFideId "804738"]
[BlackFideId "802956"]
[EventDate "2016.04.27"]

1. e4 e6 2. Qe2 e5 3. Nf3 Nc6 4. g3 Nf6 5. Bg2 Bc5 6. d3 O-O 7. O-O Re8 8. c3 a5
9. Be3 d6 10. Nbd2 Bg4 11. h3 Bh5 12. a4 Ba7 13. Bxa7 Rxa7 14. Rae1 Ra8 15. g4
Bg6 16. Nh2 Nd7 17. Nc4 Nc5 18. Qc2 d5 19. Ne3 dxe4 20. dxe4 Qd3 21. Qxd3 Nxd3
22. Ra1 Nf4 23. f3 f6 24. Nd5 Rac8 25. Rfd1 Bf7 26. Nf1 Bxd5 27. exd5 Ne7 28.
Ne3 Red8 29. c4 Ne2+ 30. Kf2 Nd4 31. Bf1 Ng6 32. Bd3 Nf4 33. Bf5 Ra8 34. h4 g6
35. Bc2 Kg7 36. Rd2 Ra6 37. Bd1 Nde6 38. Ng2 Nxg2 39. Kxg2 Rb6 40. Ra3 Rb4 41.
Rc3 Nc5 42. b3 Rd6 43. Re2 c6 44. dxc6 bxc6 45. Bc2 Rb7 46. g5 Rd4 47. gxf6+
Kxf6 48. Kg3 Rbd7 49. Rce3 Rd2 50. f4 exf4+ 51. Kxf4 h6 52. Kg3 Rxe2 53. Rxe2
Rd4 54. Kh3 Nxb3 55. Rf2+ Ke5 56. Re2+ Kd6 57. Rg2 Na1 58. Rxg6+ Kc5 59. Bf5 Rd6
60. Be6 Nb3 61. Rxh6 Kb4 62. Rg6 Nd4 63. Bf7 Rd7 64. Rf6 Kxa4 65. h5 Kb4 66. h6
Rd8 67. h7 Rh8 68. Bg8 a4 69. Rd6 c5 70. Rb6+ Kc3 71. Ra6 Kb3 72. Ra5 Kb4 73.
Ra7 a3 74. Kg4 Nc6 75. Rb7+ Kc3 76. Rb6 a2 77. Ra6 Kb2 78. Kg5 a1=Q 79. Rxa1
Kxa1 80. Kf6 Kb2 81. Ke6 Na5 82. Kd5 Nb3 83. Kc6 Kc3 84. Kd5 Kb4 85. Ke5 Nd2 86.
Kf6 Nxc4 87. Kg7 Rxh7+ 88. Kxh7 Kc3 89. Kg6 Kd4 90. Kg5 Ne3 91. Ba2 Nd5 92. Kg4
Nb4 93. Bb3 Nd3 94. Kf3 Nc1 1/2-1/2

[Event "48th Italian Teams 2016"]
[Site "Civitanova Marche ITA"]
[Date "2016.04.30"]
[Round "5.4"]
[Board "4"]
[White "Miracola, Massimiliano"]
[Black "Ricci, Marco"]
[Result "1-0"]
[BlackTitle "FM"]
[WhiteElo "2138"]
[BlackElo "2024"]
[WhiteTeam "Accademia Milano"]
[BlackTeam "S.S. Milanese 1881"]
[WhiteFideId "872423"]
[BlackFideId "802654"]
[EventDate "2016.04.27"]

1. e4 e5 2. Nf3 Nc6 3. Nc3 Nf6 4. Bb5 Nd4 5. Bc4 Bc5 6. Nxe5 Qe7 7. Nf3 d5 8.
Bxd5 Bg4 9. d3 c6 10. Bb3 Nd7 11. Be3 Ne5 12. Nxd4 Bxd1 13. Nf5 Qf8 14. Bxc5
Qxc5 15. Rxd1 Qf8 16. d4 g6 17. dxe5 gxf5 18. exf5 Qc5 19. O-O Rd8 20. Rde1 O-O
21. e6 fxe6 22. fxe6 Qe7 23. Ne4 Rf4 24. Ng5 Rd2 25. Nf7 Kg7 26. Re3 Rg4 27. Ne5
Rg5 28. Nf3 Rdd5 29. Nxg5 Rxg5 30. Rd1 Kf8 31. Rd7 Qe8 32. Rf3+ Kg8 33. Rd8 Qxd8
34. e7+ 1-0

[Event "48th Italian Teams 2016"]
[Site "Civitanova Marche ITA"]
[Date "2016.04.30"]
[Round "5.5"]
[Board "1"]
[White "Valsecchi, Alessio"]
[Black "Horvath, Csaba"]
[Result "1/2-1/2"]
[WhiteTitle "IM"]
[BlackTitle "GM"]
[WhiteElo "2492"]
[BlackElo "2519"]
[WhiteTeam "Montebelluna Master"]
[BlackTeam "Arrocco Chess Club Montesilvano"]
[WhiteFideId "818860"]
[BlackFideId "700118"]
[EventDate "2016.04.27"]

1. d4 d5 2. Nf3 Nf6 3. c4 e6 4. Nc3 c5 5. cxd5 Nxd5 6. e4 Nxc3 7. bxc3 cxd4 8.
cxd4 Bb4+ 9. Bd2 Bxd2+ 10. Qxd2 O-O 11. Bc4 Nd7 12. O-O b6 1/2-1/2

[Event "48th Italian Teams 2016"]
[Site "Civitanova Marche ITA"]
[Date "2016.04.30"]
[Round "5.5"]
[Board "2"]
[White "Altini, Nicola"]
[Black "Zamengo, Fulvio"]
[Result "1-0"]
[WhiteTitle "IM"]
[BlackTitle "FM"]
[WhiteElo "2413"]
[BlackElo "2330"]
[WhiteTeam "Arrocco Chess Club Montesilvano"]
[BlackTeam "Montebelluna Master"]
[WhiteFideId "833924"]
[BlackFideId "852678"]
[EventDate "2016.04.27"]

1. Nf3 c5 2. e4 Nc6 3. Bb5 g6 4. Bxc6 bxc6 5. O-O Bg7 6. Re1 Rb8 7. c3 Nf6 8. d4
cxd4 9. cxd4 d5 10. e5 Ne4 11. Nc3 O-O 12. Nxe4 dxe4 13. Rxe4 c5 14. Re1 Bb7 15.
dxc5 Qxd1 16. Rxd1 Bxf3 17. gxf3 Bxe5 18. Rb1 Rfc8 19. b4 Rxc5 20. Bf4 Rcb5 21.
a4 Bxf4 22. axb5 Rxb5 23. Ra1 Bd6 24. Rxa7 Bxb4 25. Ra4 Rg5+ 26. Kf1 Bd6 27. h4
Rb5 28. Rda1 Kg7 29. Ra5 Rb3 30. Kg2 h5 31. R1a4 Rc3 32. f4 Kf6 33. Rb5 Rc2 34.
Rba5 Bc5 35. Ra2 Rc3 36. Re2 Bd6 37. Re4 Rc2 38. Rea4 Bc7 39. Rb5 Rc3 40. Rd5
Rb3 41. Ra6+ Bb6 42. Rd7 Rb2 43. Rb7 Rxf2+ 44. Kg3 Kf5 45. Raxb6 Re2 46. Kf3 Re1
47. Rb1 1-0

[Event "48th Italian Teams 2016"]
[Site "Civitanova Marche ITA"]
[Date "2016.04.30"]
[Round "5.5"]
[Board "3"]
[White "Basso, Pier Luigi"]
[Black "Pescatore, Lorenzo"]
[Result "1/2-1/2"]
[WhiteTitle "FM"]
[BlackTitle "FM"]
[WhiteElo "2466"]
[BlackElo "2317"]
[WhiteTeam "Montebelluna Master"]
[BlackTeam "Arrocco Chess Club Montesilvano"]
[WhiteFideId "866970"]
[BlackFideId "839302"]
[EventDate "2016.04.27"]

1. d4 Nf6 2. c4 g6 3. Nc3 Bg7 4. g3 O-O 5. Bg2 d6 6. Nf3 Nc6 7. O-O Rb8 8. Bd2
a6 9. b3 e5 10. d5 Nd4 11. Nh4 e4 12. h3 Re8 13. Be3 Nf5 14. Nxf5 Bxf5 15. Qd2
h5 16. Rac1 Qd7 17. Kh2 h4 18. Bg5 hxg3+ 19. fxg3 Nh5 20. Qe3 Be5 21. Bf4 Nxf4
22. gxf4 Bf6 23. Nd1 Kg7 24. Qg3 1/2-1/2

[Event "48th Italian Teams 2016"]
[Site "Civitanova Marche ITA"]
[Date "2016.04.30"]
[Round "5.5"]
[Board "4"]
[White "Cappai, Davide"]
[Black "Mrdja, Milan"]
[Result "1/2-1/2"]
[BlackTitle "IM"]
[WhiteElo "2278"]
[BlackElo "2342"]
[WhiteTeam "Arrocco Chess Club Montesilvano"]
[BlackTeam "Montebelluna Master"]
[WhiteFideId "813338"]
[BlackFideId "14500337"]
[EventDate "2016.04.27"]

1. e4 Nf6 2. e5 Nd5 3. Nc3 Nb6 4. d4 d6 5. Nf3 g6 6. h3 Bg7 7. Bd3 Nc6 8. Qe2
Nb4 9. Bf4 Nxd3+ 10. Qxd3 O-O 11. O-O-O d5 12. g4 f6 13. Rhe1 f5 14. g5 e6 15.
h4 Bd7 16. h5 gxh5 17. Rh1 Be8 18. Ne2 c5 19. Ng3 cxd4 20. Nxh5 Bxh5 21. Rxh5
Nd7 22. Rdh1 Rf7 23. Rxh7 Bxe5 24. Rxf7 Bxf4+ 25. Kb1 Kxf7 26. Qxd4 e5 27. Qxd5+
Kg7 28. g6 Kxg6 29. Rg1+ Kf6 30. Qd6+ Kf7 31. Qd5+ Kf6 32. Qd6+ Kf7 33. Qd5+ Kf6
34. Qd6+ Kf7 35. Qd5+ 1/2-1/2

[Event "48th Italian Teams 2016"]
[Site "Civitanova Marche ITA"]
[Date "2016.04.30"]
[Round "6.1"]
[Board "1"]
[White "Stella, Andrea"]
[Black "Socko, Bartosz"]
[Result "1/2-1/2"]
[WhiteTitle "IM"]
[BlackTitle "GM"]
[WhiteElo "2419"]
[BlackElo "2584"]
[WhiteTeam "Accademia Milano"]
[BlackTeam "Circolo Scacchi R. Fischer Chieti"]
[WhiteFideId "827061"]
[BlackFideId "1107038"]
[EventDate "2016.04.27"]

1. Nf3 Nf6 2. c4 g6 3. g3 Bg7 4. Bg2 O-O 5. Nc3 d6 6. d4 Nc6 7. O-O Bg4 8. Be3
Nd7 9. Qd2 e5 10. dxe5 Bxf3 11. exf3 Ndxe5 12. b3 Qf6 13. f4 Nxc4 14. bxc4 Qxc3
15. Qxc3 Bxc3 16. Rab1 Rab8 17. c5 Bb4 18. Rfc1 a5 19. cxd6 Bxd6 20. Bc5 Rfd8
21. Bxd6 cxd6 22. Bxc6 bxc6 23. Rxb8 Rxb8 24. Rxc6 Rb2 25. Rxd6 Rxa2 26. Ra6 Kg7
27. Kg2 h5 28. h3 a4 29. g4 h4 30. g5 a3 31. Ra8 Ra1 32. Kf3 a2 33. Kg2 f5 34.
Ra7+ Kf8 35. Ra8+ Ke7 36. Ra7+ Kd6 37. Ra8 Kc6 38. Ra7 Kb5 39. Ra8 Kc4 40. Ra7
Kd3 41. Ra8 Ke4 42. Ra4+ Kd3 43. Ra8 Ke2 44. Ra7 Ke1 45. Re7+ Kd1 46. Ra7 Kc2
47. Ra8 Kb3 48. Rb8+ Kc4 49. Ra8 Kb3 50. Rb8+ Kc4 51. Ra8 Kb3 52. Rb8+ 1/2-1/2

[Event "48th Italian Teams 2016"]
[Site "Civitanova Marche ITA"]
[Date "2016.04.30"]
[Round "6.1"]
[Board "3"]
[White "Malloni, Marcello"]
[Black "Garcia Palermo, Carlos"]
[Result "0-1"]
[WhiteTitle "FM"]
[BlackTitle "GM"]
[WhiteElo "2344"]
[BlackElo "2440"]
[WhiteTeam "Accademia Milano"]
[BlackTeam "Circolo Scacchi R. Fischer Chieti"]
[WhiteFideId "802956"]
[BlackFideId "110124"]
[EventDate "2016.04.27"]

1. d4 c5 2. d5 Nf6 3. Nc3 d6 4. e4 g6 5. Nf3 Bg7 6. Bb5+ Bd7 7. a4 Bxb5 8. axb5
Nbd7 9. O-O O-O 10. Re1 Nb6 11. Qd3 Ne8 12. Na4 Nxa4 13. Rxa4 Nc7 14. c4 a6 15.
b6 Ne8 16. Qb3 Nf6 17. Bd2 Nd7 18. Ba5 e6 19. Qc2 Ne5 20. Nd2 Qd7 21. Raa1 f5
22. Rad1 exd5 23. exd5 Rfe8 24. h3 Qf7 25. b4 Nd7 26. bxc5 dxc5 27. Nb3 Rxe1+
28. Rxe1 Re8 29. Rd1 Bf8 30. Nc1 Bd6 31. Nd3 Re4 32. f3 Re3 33. Be1 Qe7 34. Kf1
Qf6 35. Bf2 Re8 36. Qa4 Re7 37. Qa5 Ne5 38. Nxe5 Qxe5 39. Re1 Qf4 40. Rxe7 Bxe7
41. Qa4 Qd6 42. Qe8+ Bf8 43. Bh4 Qxb6 44. Be7 Qb1+ 45. Kf2 Qb2+ 46. Kg1 Qd4+ 47.
Kh1 Qa1+ 0-1

[Event "48th Italian Teams 2016"]
[Site "Civitanova Marche ITA"]
[Date "2016.04.30"]
[Round "6.1"]
[Board "4"]
[White "Shytaj, Luca"]
[Black "Lanzani, Mario"]
[Result "1/2-1/2"]
[WhiteTitle "IM"]
[BlackTitle "IM"]
[WhiteElo "2446"]
[BlackElo "2311"]
[WhiteTeam "Circolo Scacchi R. Fischer Chieti"]
[BlackTeam "Accademia Milano"]
[WhiteFideId "812633"]
[BlackFideId "800244"]
[EventDate "2016.04.27"]

1. e4 c5 2. Nf3 e6 3. d4 cxd4 4. Nxd4 Nc6 5. Nc3 Qc7 6. Be3 a6 7. Qf3 Nf6 8.
O-O-O Be7 9. Be2 b5 10. Nxc6 dxc6 11. e5 Nd5 12. Nxd5 exd5 13. Qg3 g6 14. h4 h5
15. Bg5 Bxg5+ 16. hxg5 Be6 17. Qf4 O-O-O 18. b4 Rhe8 19. Rhe1 Re7 20. Qd4 Qa7
21. Kb2 Qxd4+ 22. Rxd4 a5 23. c3 a4 24. Bd3 Rde8 25. a3 Bg4 26. f3 Bd7 27. f4
Rh8 28. Rh1 Bg4 29. Kc1 Kd7 30. Kd2 Ke6 31. Rh4 Rb8 32. g3 Bf5 33. Be2 Rc7 34.
Bf3 Rcc8 35. Rh1 Ke7 36. Ke3 Ke6 37. Rd2 Ke7 38. Kd4 Ke6 39. Kc5 Ke7 40. Rhh2
Ke6 41. Rh4 Kd7 42. Rdh2 Ke6 43. Kd4 Rd8 1/2-1/2

[Event "48th Italian Teams 2016"]
[Site "Civitanova Marche ITA"]
[Date "2016.04.30"]
[Round "6.2"]
[Board "2"]
[White "Vocaturo, Daniele"]
[Black "Brunello, Sabino"]
[Result "1/2-1/2"]
[WhiteTitle "GM"]
[BlackTitle "GM"]
[WhiteElo "2562"]
[BlackElo "2570"]
[WhiteTeam "Obiettivo Risarcimento Padova"]
[BlackTeam "WorldTradingLab Club 64 Modena"]
[WhiteFideId "813192"]
[BlackFideId "813613"]
[EventDate "2016.04.27"]

1. d4 d5 2. c4 c6 3. Nc3 Nf6 4. e3 Bf5 5. cxd5 cxd5 6. Qb3 Nc6 7. Qxb7 Bd7 8.
Qb3 Rb8 9. Qd1 e5 10. dxe5 Nxe5 11. Be2 Bd6 12. Nf3 O-O 13. O-O Qc7 14. h3 Nxf3+
15. Bxf3 Rfd8 16. Ne2 Bh2+ 17. Kh1 Be5 18. Nd4 Qc8 19. Bd2 Rxb2 20. a4 Ne4 21.
Bxe4 dxe4 22. Rc1 Qa6 23. Bc3 Rbb8 24. Qh5 Re8 25. a5 Bxd4 1/2-1/2

[Event "48th Italian Teams 2016"]
[Site "Civitanova Marche ITA"]
[Date "2016.04.30"]
[Round "6.2"]
[Board "3"]
[White "Ortega, Lexy"]
[Black "Dvirnyy, Danyyil"]
[Result "0-1"]
[WhiteTitle "GM"]
[BlackTitle "GM"]
[WhiteElo "2480"]
[BlackElo "2555"]
[WhiteTeam "WorldTradingLab Club 64 Modena"]
[BlackTeam "Obiettivo Risarcimento Padova"]
[WhiteFideId "811416"]
[BlackFideId "817570"]
[EventDate "2016.04.27"]

1. Nf3 d5 2. d4 Nf6 3. c4 c6 4. Nc3 dxc4 5. a4 Bf5 6. Nh4 e6 7. Nxf5 exf5 8. e3
Bb4 9. Bxc4 O-O 10. O-O Nbd7 11. Qc2 g6 12. Ba2 Rc8 13. e4 Bxc3 14. bxc3 Nxe4
15. Bh6 Re8 16. Qb3 Qf6 17. Qxb7 Nb6 18. Bf4 Nxa4 19. Rfe1 Naxc3 20. Bc4 Nb5 21.
Be5 Qe7 22. Qa6 Qd7 23. Rad1 Nec3 24. Rd3 Nd5 25. Rb1 Re6 26. h4 Rce8 27. h5 Nd6
28. hxg6 Rxg6 0-1

[Event "48th Italian Teams 2016"]
[Site "Civitanova Marche ITA"]
[Date "2016.04.30"]
[Round "6.2"]
[Board "4"]
[White "Rambaldi, Francesco"]
[Black "Codenotti, Marco"]
[Result "1-0"]
[WhiteTitle "GM"]
[BlackTitle "IM"]
[WhiteElo "2554"]
[BlackElo "2399"]
[WhiteTeam "Obiettivo Risarcimento Padova"]
[BlackTeam "WorldTradingLab Club 64 Modena"]
[WhiteFideId "20657307"]
[BlackFideId "800015"]
[EventDate "2016.04.27"]

1. e4 e5 2. Nf3 Nc6 3. Bb5 Nf6 4. d3 Bc5 5. Bxc6 dxc6 6. Nbd2 Be6 7. O-O Qd6 8.
a3 a5 9. b3 O-O 10. Bb2 Nd7 11. Ng5 Rad8 12. Qh5 Nf6 13. Qh4 h6 14. Nxe6 Qxe6
15. Nc4 a4 16. bxa4 Bd4 17. a5 Bxb2 18. Nxb2 Rd4 19. f3 Ra8 20. Nc4 Ne8 21. f4
exf4 22. Qxf4 Rd7 23. e5 c5 24. Rab1 Rb8 25. Rb5 Rd4 26. Qf3 c6 27. Rb6 Nc7 28.
Rfb1 Nd5 29. Rxb7 Rxb7 30. Rxb7 Rf4 31. Qe2 Rg4 32. Rb8+ Kh7 33. h3 Rg5 34. Qe4+
g6 35. Kh2 Nc3 36. Qf3 Rf5 37. Qe3 Rf1 38. a6 Nd1 39. Qd2 Nf2 40. a7 Rh1+ 41.
Kg3 1-0

[Event "48th Italian Teams 2016"]
[Site "Civitanova Marche ITA"]
[Date "2016.04.30"]
[Round "6.3"]
[Board "1"]
[White "Prohaszka, Peter2"]
[Black "Iordachescu, Viorel"]
[Result "1/2-1/2"]
[WhiteTitle "GM"]
[BlackTitle "GM"]
[WhiteElo "2598"]
[BlackElo "2581"]
[WhiteTeam "Fano1988"]
[BlackTeam "Partenopea Westend Napoli"]
[WhiteFideId "726265"]
[BlackFideId "13900200"]
[EventDate "2016.04.27"]

1. d4 Nf6 2. c4 e6 3. Nf3 Bb4+ 4. Bd2 c5 5. Bxb4 cxb4 6. a3 bxa3 7. Rxa3 O-O 8.
Nc3 d5 9. e3 Nc6 10. Be2 dxc4 11. Bxc4 b6 12. O-O Bb7 13. Qe2 a5 14. Rd1 Nb4 15.
Na2 Nxa2 16. Bxa2 Rc8 17. Ne5 Nd5 18. e4 Nb4 19. Bb1 f6 20. Ng4 Ba6 21. Qd2 f5 1/2-1/2